| 000 | 00378nam a2200145Ia 4500 | ||
|---|---|---|---|
| 008 | 240624s9999 xx 000 0 und d | ||
| 041 | _aeng | ||
| 082 | _a659.1 SUT | ||
| 100 | _aSUTHERLAND MAX | ||
| 245 | _aADVERTISING AND THE MIND OF THE CONSUMER | ||
| 250 | _a(3rd ed.) | ||
| 260 |
_c2010 _aNew Delhi _bViva Books |
||
| 300 | _axii, : 366 : p. : cm. ; 22 | ||
| 365 |
_cRS _b30 |
||
| 999 |
_c14401 _d14401 |
||